| 000 | 00467cam a22001934a 4500 | ||
|---|---|---|---|
| 005 | 20250605164258.0 | ||
| 008 | 250528s ||||||||||||||||||||||||d | ||
| 035 | _a21947 | ||
| 020 | _a9780710811585 | ||
| 040 |
_aGR-AtMCL _bgre _dGR-AtMCL _eAACR2 |
||
| 245 | 1 | _aPRACTISING THEORY AND READING LITERATURE | |
| 250 | _a1 | ||
| 260 |
_bPrentice Hall, _c1989 |
||
| 300 | _a206 | ||
| 700 | 1 |
_aSelden Raman _97827 |
|
| 942 | _cBK | ||
| 999 |
_c7004 _d7004 |
||